000 01031nam a22003137a 4500
001 BR0903297
003 BR-BrBNA
005 20230928103020.0
007 ta
008 230509b bl.||||| |||| 00| 0 por d
040 _aBR-BrBNA
_bpor
_cBiblioteca Nacional de Agricultura
041 _a(Por)
072 _aF04; P33
_b0230
_b3820
090 _ 0230 BR0903297
100 1 _aFernandes, A.M.
110 1 _aCentro de Energia Nuclear na Agricultura, Piracicaba, SP (Brasil)
_0Tese (Mestre em Ciências)
245 1 _aComportamento do N inorgânico dissolvido em águas superficiais e sub-superficiais em área com cultivo de cana-de-açúcar
260 3 _aPiracicaba, SP (Brasil):
_c2008.
300 _a132 p.
500 _aSummaries (Eng, Por); Bibliography p. 128-132; 28 tables; 44 illus.
650 _aCANA DE AÇÚCAR
650 _aNITROGÊNIO
650 _aÁGUAS SUPERFICIAIS
650 _aSOLO
650 _aLIXIVIAÇÃO
650 _aANÁLISE DO SOLO
909 _a202309
_bLucia
_c55
_dLucia Elande
942 _cBK
999 _c73353
_d73353